[Event "Titled Tuesday intern op 15th Nov Early"]
[Site "Chess.com INT"]
[Date "2022.11.15"]
[Round "5"]
[White "Aumann, Welf"]
[Black "Sariego Figueredo, Wilfredo"]
[Result "1-0"]
[WhiteElo "2316"]
[BlackElo "2318"]
[PlyCount "91"]
[EventDate "2022.11.15"]
[EventType "swiss (blitz)"]
[EventRounds "11"]
[EventCountry "USA"]
[SourceTitle "CBM 211 Extra"]
[Source "ChessBase"]
[SourceDate "2023.01.31"]
[SourceVersion "1"]
[SourceVersionDate "2023.01.31"]
[SourceQuality "1"]

1. c4 e5 2. Nc3 Bb4 3. Nd5 Bf8 4. d4 c6 5. Nc3 exd4 6. Qxd4 Nf6 7. Bg5 Be7 8. Nf3 0-0 9. e4 d6 10. Be2 Qb6 11. Qxb6 axb6 12. 0-0 Na6 13. Rfd1 Be6 14. Nd4 h6 15. Bf4 Nc5 16. Nxe6 fxe6 17. Bxd6 Bxd6 18. Rxd6 Rfd8 19. Rad1 Rxd6 20. Rxd6 Nfxe4 21. Nxe4 Nxe4 22. Rxe6 Nc5 23. Re7 Rxa2 24. b4 Ra1+ 25. Bf1 Nb3 26. Rd7 Ra4 27. b5 cxb5 28. cxb5 Nc5 29. Rd6 Kf7 30. f3 Ra2 31. Rxb6 Rb2 32. Bc4+ Kf8 33. h4 Rc2 34. Bd5 Rc1+ 35. Kh2 Rd1 36. Bxb7 Rd4 37. Kg3 g5 38. hxg5 hxg5 39. Bc6 Nd3 40. Rb8+ Kg7 41. b6 Ne5 42. Be4 g4 43. b7 Rb4 44. Re8 gxf3 45. b8Q Rxb8 46. Rxb8 1-0

[Event "Titled Tuesday intern op 15th Nov Early"]
[Site "Chess.com INT"]
[Date "2022.11.15"]
[Round "10"]
[White "Stijve, Theo"]
[Black "Aumann, Welf"]
[Result "1-0"]
[WhiteElo "2363"]
[BlackElo "2316"]
[PlyCount "51"]
[EventDate "2022.11.15"]
[EventType "swiss (blitz)"]
[EventRounds "11"]
[EventCountry "USA"]
[SourceTitle "CBM 211 Extra"]
[Source "ChessBase"]
[SourceDate "2023.01.31"]
[SourceVersion "1"]
[SourceVersionDate "2023.01.31"]
[SourceQuality "1"]

1. d4 d5 2. c4 dxc4 3. e3 e5 4. Bxc4 exd4 5. exd4 Bd6 6. Nf3 Nf6 7. 0-0 0-0 8. Bg5 h6 9. Bh4 g5 10. Bg3 Nc6 11. d5 Ne7 12. Nc3 a6 13. a4 Bf5 14. Nd4 Bg6 15. f4 gxf4 16. Bxf4 Bxf4 17. Rxf4 Nexd5 18. Rh4 Ne3 19. Qe2 Nxc4 20. Qxc4 Kg7 21. Rf1 c6 22. Nf5+ Bxf5 23. Rxf5 Re8 24. Qf4 Rh8 25. Rxf6 Qxf6 26. Rg4+ 1-0

[Event "Speed Chess Q2"]
[Site "Chess.com INT"]
[Date "2022.11.12"]
[Round "1"]
[White "Aumann, Welf"]
[Black "Daggupati, Balaji"]
[Result "1-0"]
[WhiteElo "2316"]
[BlackElo "2507"]
[PlyCount "129"]
[EventDate "2022.11.12"]
[EventType "swiss (blitz)"]
[EventRounds "14"]
[EventCountry "USA"]
[SourceTitle "CBM 211 Extra"]
[Source "ChessBase"]
[SourceDate "2023.01.31"]
[SourceVersion "1"]
[SourceVersionDate "2023.01.31"]
[SourceQuality "1"]

1. c4 e5 2. Nc3 Nf6 3. Nf3 Nc6 4. a3 a5 5. e3 Be7 6. b3 0-0 7. Bb2 Re8 8. Qc2 Bc5 9. d3 d6 10. Be2 Bf5 11. 0-0 h6 12. Rfd1 Ba7 13. Rac1 Qd7 14. Nd5 Nh7 15. b4 axb4 16. axb4 Ne7 17. Nc3 c6 18. Ra1 Bb6 19. b5 Nf6 20. Qb3 Qc7 21. Na4 Ba5 22. b6 Qd7 23. Ra2 Ra6 24. Rda1 Nc8 25. d4 e4 26. Ne1 Nxb6 27. c5 Nxa4 28. Bxa6 Bxe1 29. Rxa4 Bxf2+ 30. Kxf2 bxa6 31. Rxa6 dxc5 32. Ra7 Qd5 33. Qxd5 Nxd5 34. dxc5 Rb8 35. Bd4 Rb4 36. Ra8+ Kh7 37. Rf8 Be6 38. Ra7 Rc4 39. Raa8 Nb4 40. h4 Nd3+ 41. Kg3 h5 42. Rh8+ Kg6 43. Rag8 f6 44. Re8 Bf7 45. Re7 Rc2 46. Rc8 Ne1 47. Rcc7 Rxg2+ 48. Kh3 Rg4 49. Rxf7 Kh6 50. Bxf6 gxf6 51. Rh7+ Kg6 52. Rhg7+ Kf5 53. Rxg4 hxg4+ 54. Kg3 Nc2 55. Rxc6 Nxe3 56. Rc7 Nd5 57. Rd7 Nf4 58. c6 e3 59. c7 e2 60. Re7 Ne6 61. Rxe6 Kxe6 62. c8Q+ Ke5 63. Qc5+ Ke4 64. Kf2 Kd3 65. Qd5+ 1-0

[Event "Speed Chess Q2"]
[Site "Chess.com INT"]
[Date "2022.11.12"]
[Round "11"]
[White "Ljukin, Sergei"]
[Black "Aumann, Welf"]
[Result "0-1"]
[WhiteElo "2362"]
[BlackElo "2316"]
[PlyCount "108"]
[EventDate "2022.11.12"]
[EventType "swiss (blitz)"]
[EventRounds "14"]
[EventCountry "USA"]
[SourceTitle "CBM 211 Extra"]
[Source "ChessBase"]
[SourceDate "2023.01.31"]
[SourceVersion "1"]
[SourceVersionDate "2023.01.31"]
[SourceQuality "1"]

1. e4 e6 2. d4 d5 3. Nc3 Nc6 4. Nf3 Bb4 5. e5 f6 6. Bd2 fxe5 7. dxe5 Nge7 8. Bd3 Ng6 9. Bxg6+ hxg6 10. Bg5 Qd7 11. Qd3 Qf7 12. 0-0-0 Bd7 13. Nb5 Ba5 14. Kb1 a6 15. Nc3 Qf5 16. Rhe1 Qxd3 17. Rxd3 0-0 18. a3 Rf5 19. h4 Raf8 20. Re2 Bb6 21. Be3 Nxe5 22. Nxe5 Rxe5 23. Bxb6 Rxe2 24. Nxe2 cxb6 25. f4 Bb5 26. Re3 Bxe2 27. Rxe2 Kf7 28. Kc1 Rc8 29. Kd2 Rc4 30. g3 Kf6 31. Kd3 b5 32. c3 a5 33. b3 Rc8 34. Re5 Rc6 35. Rg5 Rc7 36. Re5 b4 37. cxb4 axb4 38. axb4 Rc1 39. Re3 b5 40. Kd4 Rc2 41. Rd3 Kf5 42. Re3 Rc6 43. Kd3 Kg4 44. Kd4 Kh3 45. Ke5 Kg2 46. Kd4 Kf2 47. Rd3 Ke2 48. Re3+ Kd2 49. Rd3+ Kc2 50. Re3 Kb2 51. Ke5 Ka3 52. g4 Kxb4 53. h5 gxh5 54. gxh5 Rc3 0-1

[Event "Speed Chess Q2"]
[Site "Chess.com INT"]
[Date "2022.11.12"]
[Round "13"]
[White "Veiga, Jose Francisco RP"]
[Black "Aumann, Welf"]
[Result "1-0"]
[WhiteElo "2393"]
[BlackElo "2316"]
[PlyCount "55"]
[EventDate "2022.11.12"]
[EventType "swiss (blitz)"]
[EventRounds "14"]
[EventCountry "USA"]
[SourceTitle "CBM 211 Extra"]
[Source "ChessBase"]
[SourceDate "2023.01.31"]
[SourceVersion "1"]
[SourceVersionDate "2023.01.31"]
[SourceQuality "1"]

1. Nf3 c5 2. e4 a6 3. c3 d5 4. exd5 Qxd5 5. d4 Nf6 6. Na3 e6 7. Bc4 Qd8 8. 0-0 cxd4 9. cxd4 Nc6 10. Nc2 Be7 11. Bf4 0-0 12. Ne3 b5 13. Bb3 Na5 14. Bc2 Bb7 15. Ne5 Rc8 16. Rc1 Nd5 17. Qd3 g6 18. Nxd5 Qxd5 19. f3 Rfd8 20. Rfd1 Nc4 21. Bb3 Nxe5 22. Bxe5 Qd7 23. Rxc8 Qxc8 24. Qe3 Bd5 25. Rc1 Qa8 26. Rc7 Bf8 27. Qf4 f5 28. Qh4 1-0

[Event "Titled Tuesday intern op 04th May"]
[Site "Chess.com INT"]
[Date "2021.05.04"]
[Round "1"]
[White "Sellitti, Federico"]
[Black "Aumann, Welf"]
[Result "1-0"]
[WhiteElo "2176"]
[BlackElo "2316"]
[PlyCount "41"]
[EventDate "2021.05.04"]
[EventType "swiss (blitz)"]
[EventRounds "11"]
[EventCountry "USA"]
[SourceTitle "CBM 202 Extra"]
[Source "ChessBase"]
[SourceDate "2021.07.31"]
[SourceVersion "1"]
[SourceVersionDate "2021.07.31"]
[SourceQuality "1"]

1. e4 e6 2. b3 d5 3. Bb2 dxe4 4. Nc3 Nf6 5. Qe2 Be7 6. 0-0-0 Nbd7 7. Nxe4 Nxe4 8. Qxe4 Nf6 9. Qh4 c6 10. Nf3 Qa5 11. Kb1 Bd7 12. Ne5 Rf8 13. Qg3 g6 14. Nc4 Qh5 15. Bd3 0-0-0 16. Nd6+ Bxd6 17. Qxd6 Qd5 18. Qa3 Nh5 19. Qxa7 Qd6 20. Rhe1 Nf4 21. Be5 1-0

[Event "Titled Tuesday intern op 13th Apr"]
[Site "Chess.com INT"]
[Date "2021.04.13"]
[Round "1"]
[White "Aumann, Welf"]
[Black "Klimkowski, Jan"]
[Result "0-1"]
[WhiteElo "2316"]
[BlackElo "2296"]
[PlyCount "44"]
[EventDate "2021.04.13"]
[EventType "swiss (blitz)"]
[EventRounds "11"]
[EventCountry "USA"]
[SourceTitle "CBM 201 Extra"]
[Source "ChessBase"]
[SourceDate "2021.05.31"]
[SourceVersion "1"]
[SourceVersionDate "2021.05.31"]
[SourceQuality "1"]

1. c4 Nf6 2. g3 e6 3. Bg2 d5 4. Nf3 Bb4 5. 0-0 0-0 6. d4 dxc4 7. Qc2 c6 8. Qxc4 Be7 9. e4 Nxe4 10. Rd1 Nf6 11. Ne5 Nbd7 12. Nc3 Nd5 13. Nd3 Bf6 14. Ne4 Be7 15. Bd2 N7f6 16. Nec5 b6 17. Nb3 Bb7 18. Rac1 Rc8 19. Qa4 a5 20. Ne5 Qe8 21. h3 b5 22. Qxa5 Ra8 0-1

[Event "Titled Tuesday intern op 13th Apr"]
[Site "Chess.com INT"]
[Date "2021.04.13"]
[Round "9"]
[White "Kadam, Om Manish"]
[Black "Aumann, Welf"]
[Result "1-0"]
[WhiteElo "2114"]
[BlackElo "2316"]
[PlyCount "47"]
[EventDate "2021.04.13"]
[EventType "swiss (blitz)"]
[EventRounds "11"]
[EventCountry "USA"]
[SourceTitle "CBM 201 Extra"]
[Source "ChessBase"]
[SourceDate "2021.05.31"]
[SourceVersion "1"]
[SourceVersionDate "2021.05.31"]
[SourceQuality "1"]

1. e4 e6 2. d4 d5 3. Nd2 Nc6 4. c3 e5 5. dxe5 Nxe5 6. Ngf3 Nxf3+ 7. Qxf3 Nf6 8. Bd3 Bg4 9. Qe3 Be7 10. h3 Be6 11. 0-0 0-0 12. e5 Nd7 13. Nf3 c5 14. Re1 Qb6 15. Qf4 Rae8 16. b3 f6 17. exf6 Bxf6 18. Qd2 Bd8 19. Bb2 Rxf3 20. gxf3 Bxh3 21. Rxe8+ Kf7 22. Rxd8 Qxd8 23. Qf4+ Nf6 24. Re1 1-0

[Event "Titled Tuesday intern op 19th Jan"]
[Site "Chess.com INT"]
[Date "2021.01.19"]
[Round "6"]
[White "Estrada Nieto, Julian"]
[Black "Aumann, Welf"]
[Result "0-1"]
[WhiteElo "2280"]
[BlackElo "2316"]
[PlyCount "102"]
[EventDate "2021.01.19"]
[EventType "swiss (blitz)"]
[EventRounds "11"]
[EventCountry "USA"]
[SourceTitle "CBM 200 Extra"]
[Source "ChessBase"]
[SourceDate "2021.03.31"]
[SourceVersion "1"]
[SourceVersionDate "2021.03.31"]
[SourceQuality "1"]

1. d4 d5 2. Nf3 Nf6 3. Bf4 c5 4. e3 Nc6 5. Nbd2 cxd4 6. exd4 Bf5 7. c3 a6 8. Nb3 e6 9. Bd3 Bxd3 10. Qxd3 Be7 11. 0-0 0-0 12. Rfe1 b5 13. Ne5 Nxe5 14. Bxe5 Nd7 15. Bf4 Qb6 16. a3 a5 17. Qg3 b4 18. cxb4 axb4 19. a4 Bf6 20. Be3 Rfc8 21. Nc5 Nxc5 22. dxc5 Qc6 23. Re2 Rxa4 24. Rxa4 Qxa4 25. Re1 Bxb2 26. h4 Bf6 27. Bg5 Bxg5 28. Qxg5 b3 29. Qe5 h6 30. Rc1 Qb5 31. Qb2 Rxc5 32. Rxc5 Qxc5 33. Qxb3 Qc1+ 34. Kh2 Qf4+ 35. Kg1 Qxh4 36. Qb8+ Kh7 37. Qe8 Qf4 38. g3 Qf5 39. Qd7 f6 40. Kg2 Qe4+ 41. Kg1 e5 42. Kf1 d4 43. Kg1 d3 44. Qd8 Qd4 45. Qc8 h5 46. Qf5+ Kh6 47. Qc8 d2 48. Qh8+ Kg6 49. Qe8+ Kg5 50. Qf7 d1Q+ 51. Kg2 Qe4+ 0-1

[Event "Titled Tuesday intern op 29th Dec"]
[Site "Chess.com INT"]
[Date "2020.12.29"]
[Round "9"]
[White "Aumann, Welf"]
[Black "Javakhishvili, Lela"]
[Result "0-1"]
[WhiteElo "2316"]
[BlackElo "2473"]
[PlyCount "124"]
[EventDate "2020.12.29"]
[EventType "swiss (blitz)"]
[EventRounds "11"]
[EventCountry "USA"]
[SourceTitle "CBM 200 Extra"]
[Source "ChessBase"]
[SourceDate "2021.03.31"]
[SourceVersion "1"]
[SourceVersionDate "2021.03.31"]
[SourceQuality "1"]

1. c4 e5 2. g3 Nc6 3. Bg2 g6 4. Nc3 Bg7 5. e4 Nge7 6. Nge2 0-0 7. 0-0 d6 8. d3 Nd4 9. Nxd4 exd4 10. Ne2 f5 11. Bg5 fxe4 12. Bxe4 c6 13. Qd2 Bf5 14. Bxf5 Rxf5 15. Rae1 Rf7 16. Nf4 Qd7 17. Bxe7 Rxe7 18. Rxe7 Qxe7 19. Re1 Qd7 20. h4 Be5 21. Kg2 Rf8 22. Nh3 Qf5 23. f4 Bf6 24. Qe2 Kg7 25. Ng5 Bxg5 26. hxg5 Rf7 27. Qe4 Qxe4+ 28. Rxe4 c5 29. Re6 Rd7 30. Kf3 Kf7 31. Rf6+ Ke7 32. Ke4 b5 33. b3 bxc4 34. bxc4 Rb7 35. Kd5 Rb6 36. g4 a5 37. f5 a4 38. fxg6 hxg6 39. Rxg6 Rb2 40. Rg7+ Kf8 41. Ra7 Rxa2 42. Kxd6 Rd2 43. Rxa4 Rxd3 44. Kxc5 Rd1 45. Ra6 d3 46. Rd6 d2 47. g6 Kg7 48. Rd4 Kxg6 49. Kd5 Kg5 50. c5 Kh4 51. c6 Kg3 52. Kd6 Kf3 53. c7 Ke3 54. Rd5 Rc1 55. Kd7 d1Q 56. Rxd1 Rxd1+ 57. Ke8 Rc1 58. Kd8 Rd1+ 59. Ke7 Rc1 60. Kd6 Kf4 61. Ke7 Rxc7+ 62. Kd6 Rg7 0-1

[Event "SUI-chT"]
[Site "Switzerland"]
[Date "2010.04.25"]
[Round "3.8"]
[White "Schiendorfer, Emanuel"]
[Black "Aumann, Welf"]
[Result "1-0"]
[WhiteElo "2343"]
[BlackElo "2319"]
[PlyCount "107"]
[EventDate "2010.02.14"]
[EventType "team-tourn"]
[EventRounds "9"]
[EventCountry "SUI"]
[SourceTitle "EXT 2011"]
[Source "ChessBase"]
[SourceDate "2010.11.26"]
[SourceVersion "1"]
[SourceVersionDate "2010.11.26"]
[SourceQuality "1"]
[WhiteTeam "Winterthur"]
[BlackTeam "Riehen"]
[WhiteTeamCountry "SUI"]
[BlackTeamCountry "SUI"]

1. d4 e6 2. c4 f5 3. g3 Nf6 4. Bg2 c6 5. Nc3 d5 6. Nh3 Be7 7. 0-0 0-0 8. b3 Na6 9. Bb2 Nc7 10. Qc2 Nh5 11. e3 g5 12. Qe2 Qe8 13. f3 Qg6 14. e4 Bf6 15. Rad1 Bd7 16. cxd5 cxd5 17. exd5 exd5 18. f4 Rfe8 19. Qd2 g4 20. Nf2 Bc6 21. Rfe1 Bg7 22. Nd3 Bxd4+ 23. Nf2 Rxe1+ 24. Rxe1 Qg7 25. Ncd1 Bxb2 26. Nxb2 Nf6 27. Re5 Qd7 28. Nbd3 Ne4 29. Qb4 Re8 30. Rxe8+ Nxe8 31. Qd4 a6 32. Ne5 Qd6 33. Nfd3 Bb5 34. Nb4 Nc7 35. Bxe4 fxe4 36. Nxg4 a5 37. Nxd5 Nxd5 38. Qxd5+ Qxd5 39. Nf6+ Kf7 40. Nxd5 Bd3 41. Kf2 Ke6 42. Nc3 b5 43. a3 b4 44. axb4 axb4 45. Na2 Bc2 46. Nxb4 Bxb3 47. Ke3 Kf5 48. h3 h5 49. Nc6 Bc4 50. g4+ Kf6 51. g5+ Kf5 52. Nd4+ Kg6 53. h4 Bd5 54. f5+ 1-0

[Event "SUI-chT"]
[Site "Switzerland"]
[Date "2010.03.21"]
[Round "2.8"]
[White "Aumann, Welf"]
[Black "Raeber, Markus"]
[Result "1/2-1/2"]
[WhiteElo "2319"]
[BlackElo "2267"]
[PlyCount "32"]
[EventDate "2010.02.14"]
[EventType "team-tourn"]
[EventRounds "9"]
[EventCountry "SUI"]
[SourceTitle "EXT 2011"]
[Source "ChessBase"]
[SourceDate "2010.11.26"]
[SourceVersion "1"]
[SourceVersionDate "2010.11.26"]
[SourceQuality "1"]
[WhiteTeam "Riehen"]
[BlackTeam "Luzern"]
[WhiteTeamCountry "SUI"]
[BlackTeamCountry "SUI"]

1. c4 e5 2. g3 Nc6 3. Nc3 g6 4. Bg2 Bg7 5. d3 d6 6. e4 Be6 7. Nge2 Qd7 8. Nd5 Nd8 9. d4 c6 10. Ne3 Bh3 11. Bxh3 Qxh3 12. d5 Nf6 13. Qd3 0-0 14. Bd2 Rc8 15. f3 cxd5 16. cxd5 Nd7 1/2-1/2

[Event "SUI-chT"]
[Site "Switzerland"]
[Date "2009.10.17"]
[Round "8.5"]
[White "Hug, Werner"]
[Black "Aumann, Welf"]
[Result "1-0"]
[WhiteElo "2455"]
[BlackElo "2328"]
[PlyCount "71"]
[EventDate "2009.02.22"]
[EventType "team-tourn"]
[EventRounds "9"]
[EventCountry "SUI"]
[SourceTitle "EXT 2011"]
[Source "ChessBase"]
[SourceDate "2010.11.26"]
[SourceVersion "1"]
[SourceVersionDate "2010.11.26"]
[SourceQuality "1"]
[WhiteTeam "Zuerich"]
[BlackTeam "Riehen"]
[WhiteTeamCountry "SUI"]
[BlackTeamCountry "SUI"]

1. d4 d5 2. Nf3 Nf6 3. g3 c5 4. Bg2 e6 5. 0-0 Nc6 6. c4 dxc4 7. dxc5 Qxd1 8. Rxd1 Bxc5 9. Nbd2 Ke7 10. Nxc4 Ng4 11. e3 e5 12. Bd2 Be6 13. Rac1 Bb6 14. Ng5 Rhd8 15. Nxe6 Kxe6 16. Bxc6 bxc6 17. Nxb6 axb6 18. f3 Nf6 19. Rxc6+ Rd6 20. Rxd6+ Kxd6 21. a3 Kc6 22. e4 Ra7 23. Kf2 Kb5 24. Bc3 Rd7 25. Ke2 Rxd1 26. Kxd1 Nd7 27. b3 g6 28. Kc2 f6 29. Bb4 Kc6 30. g4 Nb8 31. Be7 Nd7 32. Kc3 b5 33. Kb4 Kb6 34. a4 bxa4 35. bxa4 Kc6 36. a5 1-0

[Event "SUI-chT"]
[Site "Switzerland"]
[Date "2009.06.14"]
[Round "5.5"]
[White "Sedina, Elena"]
[Black "Aumann, Welf"]
[Result "1/2-1/2"]
[WhiteElo "2374"]
[BlackElo "2328"]
[PlyCount "102"]
[EventDate "2009.02.22"]
[EventType "team-tourn"]
[EventRounds "9"]
[EventCountry "SUI"]
[SourceTitle "EXT 2011"]
[Source "ChessBase"]
[SourceDate "2010.11.26"]
[SourceVersion "1"]
[SourceVersionDate "2010.11.26"]
[SourceQuality "1"]
[WhiteTeam "Mendrisio"]
[BlackTeam "Riehen"]
[WhiteTeamCountry "SUI"]
[BlackTeamCountry "SUI"]

1. e4 e6 2. d4 d5 3. Nd2 Nc6 4. Ngf3 Nf6 5. e5 Nd7 6. Bd3 f6 7. exf6 Qxf6 8. 0-0 Bd6 9. c4 0-0 10. Nb3 h6 11. Be3 dxc4 12. Bxc4 Nb6 13. Nbd2 Nxc4 14. Nxc4 Be7 15. Nfe5 Nb4 16. Qh5 Qf5 17. Qxf5 exf5 18. Ng6 Rf7 19. Nxe7+ Rxe7 20. Bf4 Be6 21. b3 Rd8 22. Be5 Nc6 23. f4 Nxd4 24. Rad1 Red7 25. Kf2 c5 26. Rfe1 Bxc4 27. bxc4 Nc6 28. Rxd7 Rxd7 29. Bc3 Rd3 30. Re3 Rxe3 31. Kxe3 Kf7 32. h3 g6 33. g4 Ke6 34. Kf3 Nd4+ 35. Ke3 fxg4 36. hxg4 h5 37. f5+ Kf6 38. fxg6 hxg4 39. Kf4 Kxg6 40. Kxg4 Nf5 41. Kf4 Nd6 42. Ke5 Nxc4+ 43. Kd5 Nb6+ 44. Kxc5 Na4+ 45. Kb4 Nxc3 46. Kxc3 Kf6 47. Kd4 Ke6 48. Kc5 Kd7 49. a4 Kc7 50. a5 b6+ 51. axb6+ axb6+ 1/2-1/2

[Event "SUI-chT"]
[Site "Switzerland"]
[Date "2009.03.22"]
[Round "2.8"]
[White "Aumann, Welf"]
[Black "Nuri, Kambez"]
[Result "0-1"]
[WhiteElo "2328"]
[BlackElo "2197"]
[PlyCount "56"]
[EventDate "2009.02.22"]
[EventType "team-tourn"]
[EventRounds "9"]
[EventCountry "SUI"]
[SourceTitle "EXT 2011"]
[Source "ChessBase"]
[SourceDate "2010.11.26"]
[SourceVersion "1"]
[SourceVersionDate "2010.11.26"]
[SourceQuality "1"]
[WhiteTeam "Riehen"]
[BlackTeam "Winterthur"]
[WhiteTeamCountry "SUI"]
[BlackTeamCountry "SUI"]

1. Nf3 d6 2. d4 Nf6 3. Nc3 Nbd7 4. e4 e5 5. g3 Be7 6. Bg2 0-0 7. 0-0 c6 8. a4 b6 9. b3 Bb7 10. Ba3 a6 11. Re1 b5 12. Bb2 Re8 13. axb5 axb5 14. Na2 Bf8 15. Nc1 Rxa1 16. Bxa1 exd4 17. Nxd4 Qa5 18. Nd3 c5 19. Nf5 c4 20. Nf4 Bxe4 21. Bxe4 Rxe4 22. Rxe4 Nxe4 23. Bxg7 Bxg7 24. Qg4 Qe1+ 25. Kg2 Qh1+ 26. Kxh1 Nxf2+ 27. Kg2 Nxg4 28. Nd5 Be5 0-1

[Event "Basel Hilton op 11th"]
[Site "Basel"]
[Date "2009.01.02"]
[Round "2"]
[White "Aumann, Welf"]
[Black "Rukavina, Josip"]
[Result "0-1"]
[WhiteElo "2324"]
[BlackElo "2417"]
[PlyCount "86"]
[EventDate "2009.01.01"]
[EventType "swiss"]
[EventRounds "7"]
[EventCountry "SUI"]
[SourceTitle "CBM 128 Extra"]
[Source "ChessBase"]
[SourceDate "2009.03.05"]
[SourceVersion "2"]
[SourceVersionDate "2009.03.25"]
[SourceQuality "1"]

1. c4 g6 2. g3 Bg7 3. Bg2 Nf6 4. Nc3 0-0 5. d3 c6 6. e4 d6 7. Nge2 a6 8. 0-0 b5 9. h3 Nbd7 10. Be3 Bb7 11. Qd2 Nb6 12. a4 b4 13. Na2 a5 14. b3 Nbd7 15. d4 e5 16. d5 Rc8 17. Rad1 cxd5 18. exd5 Nc5 19. Nac1 Nfd7 20. Kh2 f5 21. f4 Re8 22. Rfe1 Qf6 23. Qc2 Qf8 24. Nd3 e4 25. Nf2 Qf6 26. Nd4 Qf8 27. Qb1 Bxd4 28. Bxd4 h6 29. Re3 Re7 30. Ba1 Kh7 31. Qb2 Qf7 32. Rde1 Rf8 33. Kh1 Nf6 34. g4 Bc8 35. g5 Nh5 36. gxh6 Nxf4 37. Bxe4 fxe4 38. Nxe4 Rxe4 39. Rxe4 Nxe4 40. Rxe4 Kxh6 41. Qf2 Qf5 42. Qh4+ Nh5 43. Bd4 Qxe4+ 0-1

[Event "SUI-chT"]
[Site "Switzerland"]
[Date "2008.09.20"]
[Round "8.7"]
[White "Aumann, Welf"]
[Black "Kappeler, Kaspar"]
[Result "1-0"]
[WhiteElo "2355"]
[BlackElo "2204"]
[PlyCount "57"]
[EventDate "2008.03.02"]
[EventType "team-tourn"]
[EventRounds "9"]
[EventCountry "SUI"]
[SourceTitle "EXT 2009"]
[Source "ChessBase"]
[SourceDate "2008.11.26"]
[SourceVersion "1"]
[SourceVersionDate "2008.11.26"]
[SourceQuality "1"]
[WhiteTeam "Riehen"]
[BlackTeam "Bern"]
[WhiteTeamCountry "SUI"]
[BlackTeamCountry "SUI"]

1. c4 d6 2. g3 e5 3. Bg2 f5 4. d4 Be7 5. Nc3 Nf6 6. e3 0-0 7. Nge2 Be6 8. Bxb7 Nbd7 9. Bxa8 Qxa8 10. d5 f4 11. 0-0 Bh3 12. exf4 Qe8 13. f3 Bxf1 14. Qxf1 Qg6 15. Be3 a6 16. Rd1 Nc5 17. Bxc5 dxc5 18. Qh3 exf4 19. Nxf4 Qc2 20. Qg2 Qf5 21. Qe2 Rf7 22. Qd3 Qc8 23. Re1 Nd7 24. Qe4 Qb7 25. Re2 Bf6 26. Qe8+ Nf8 27. Ne6 Bxc3 28. Nd8 Bd4+ 29. Kg2 1-0

[Event "SUI-chT"]
[Site "Switzerland"]
[Date "2008.03.30"]
[Round "2.8"]
[White "Gruenenwald, Joerg"]
[Black "Aumann, Welf"]
[Result "1/2-1/2"]
[WhiteElo "2332"]
[BlackElo "2355"]
[PlyCount "47"]
[EventDate "2008.03.02"]
[EventType "team-tourn"]
[EventRounds "9"]
[EventCountry "SUI"]
[SourceTitle "CBM 123 Extra"]
[Source "ChessBase"]
[SourceDate "2008.05.06"]
[SourceVersion "1"]
[SourceVersionDate "2008.05.06"]
[SourceQuality "1"]
[WhiteTeam "Zuerich"]
[BlackTeam "Riehen"]
[WhiteTeamCountry "SUI"]
[BlackTeamCountry "SUI"]

1. d4 d5 2. c4 dxc4 3. e4 Nc6 4. Nf3 Bg4 5. Bxc4 e6 6. Bb5 Nge7 7. Be3 a6 8. Be2 g6 9. Nbd2 Bg7 10. h3 Bxf3 11. Nxf3 Qd7 12. Qd2 f5 13. e5 Nd5 14. Bc4 0-0 15. 0-0 f4 16. Bxd5 Qxd5 17. Bxf4 Rf5 18. Be3 Rxf3 19. gxf3 Qxf3 20. Kh2 Rd8 21. Qc3 Rd5 22. Rg1 Nxd4 23. Bxd4 Qf4+ 24. Kh1 1/2-1/2

[Event "SUI-chT"]
[Site "Switzerland"]
[Date "2007.09.29"]
[Round "8.6"]
[White "Aumann, Welf"]
[Black "Sedina, Elena"]
[Result "1-0"]
[WhiteElo "2343"]
[BlackElo "2391"]
[PlyCount "133"]
[EventDate "2007.02.25"]
[EventType "team-tourn"]
[EventRounds "9"]
[EventCountry "SUI"]
[SourceTitle "EXT 2008"]
[Source "ChessBase"]
[SourceDate "2007.11.25"]
[SourceVersion "1"]
[SourceVersionDate "2007.11.25"]
[SourceQuality "1"]
[WhiteTeam "Riehen"]
[BlackTeam "Mendrisio"]
[WhiteTeamCountry "SUI"]
[BlackTeamCountry "SUI"]

1. c4 e5 2. g3 Nf6 3. Bg2 c6 4. d4 Bb4+ 5. Bd2 Bxd2+ 6. Qxd2 d6 7. Nc3 0-0 8. e4 Nbd7 9. Nge2 a6 10. 0-0 b5 11. cxb5 axb5 12. b4 Nb6 13. a3 Nc4 14. Qc1 Qb6 15. Rd1 Bd7 16. h3 Rfe8 17. Ra2 h6 18. Qa1 Qc7 19. a4 bxa4 20. dxe5 Nxe5 21. Rxa4 Rxa4 22. Qxa4 Rb8 23. Qa5 Qb7 24. b5 cxb5 25. Qb4 Qc8 26. Kh2 Nc4 27. Nf4 Qc5 28. Ncd5 Nxd5 29. Qxc5 dxc5 30. Rxd5 Nb6 31. Rxc5 b4 32. Nd3 b3 33. Rc7 Be6 34. Nb2 Ra8 35. Rb7 Na4 36. Nd3 Rd8 37. Nf4 b2 38. Nxe6 fxe6 39. e5 Rd2 40. Be4 Nc3 41. Bg6 Kf8 42. Rf7+ Kg8 43. Rc7 Rxf2+ 44. Kg1 Nd1 45. Rd7 b1Q 46. Bxb1 Rf3 47. Rxd1 Rxg3+ 48. Kf2 Rxh3 49. Bg6 Kf8 50. Rd7 Rh2+ 51. Ke3 Rg2 52. Bf7 Rg1 53. Bxe6 g5 54. Rf7+ Ke8 55. Rh7 g4 56. Rxh6 g3 57. Rg6 Ke7 58. Bd5 Re1+ 59. Kf4 Rd1 60. Bf3 Rd4+ 61. Be4 Kf7 62. Rxg3 Ke6 63. Rg6+ Ke7 64. Ra6 Rd1 65. Ra7+ Ke8 66. Kf5 Kd8 67. e6 1-0